Western media coverage of the Nagorno-Karabakh conflict in 1988-1990 / (Record no. 54849)
[ view plain ]
| 000 -LEADER | |
|---|---|
| fixed length control field | 00667nam a22002177a 4500 |
| 003 - CONTROL NUMBER IDENTIFIER | |
| control field | SEM |
| 005 - DATE AND TIME OF LATEST TRANSACTION | |
| control field | 20251001120745.0 |
| 008 - FIXED-LENGTH DATA ELEMENTS--GENERAL INFORMATION | |
| fixed length control field | 211203s2008 ai ||||gr|||||101|0 eng|d |
| 020 ## - INTERNATIONAL STANDARD BOOK NUMBER | |
| International Standard Book Number | 9789994102365 |
| 040 ## - CATALOGING SOURCE | |
| Original cataloging agency | SEM |
| Transcribing agency | SEM |
| 041 ## - LANGUAGE CODE | |
| Language code of text/sound track or separate title | arm |
| 080 ## - UNIVERSAL DECIMAL CLASSIFICATION NUMBER | |
| Universal Decimal Classification number | 947.925(K)/D-39 |
| 100 ## - MAIN ENTRY--PERSONAL NAME | |
| Personal name | Demoyan, Hayk |
| 245 ## - TITLE STATEMENT | |
| Title | Western media coverage of the Nagorno-Karabakh conflict in 1988-1990 / |
| Statement of responsibility, etc. | H. Demoyan |
| 260 ## - PUBLICATION, DISTRIBUTION, ETC. | |
| Place of publication, distribution, etc. | Yerevan : |
| Name of publisher, distributor, etc. | Tigran Mets, |
| Date of publication, distribution, etc. | 2008. |
| 300 ## - PHYSICAL DESCRIPTION | |
| Extent | 160+[8] p. ; |
| Other physical details | ill.; |
| Dimensions | 21 cm |
| 504 ## - BIBLIOGRAPHY, ETC. NOTE | |
| Bibliography, etc. note | Bibliogr. p.: 94-102; Appen. p.: 103-160; Ill. p.: 161 |
| 650 ## - SUBJECT ADDED ENTRY--TOPICAL TERM | |
| Topical term or geographic name entry element | Armenian history |
| Geographic subdivision | Artsakh |
| -- | Nagorno-Karabakh Republic |
| 653 ## - INDEX TERM--UNCONTROLLED | |
| Uncontrolled term | ՍԷՄ |
| 942 ## - ADDED ENTRY ELEMENTS (KOHA) | |
| Source of classification or shelving scheme | Universal Decimal Classification |
| Koha item type | Գրքեր/Books |
| Withdrawn status | Lost status | Source of classification or shelving scheme | Damaged status | Not for loan | Collection code | Home library | Current library | Date acquired | Inventory number | Total Checkouts | Full call number | Barcode | Date last seen | Price effective from | Koha item type | Public note | Cost, normal purchase price |
|---|---|---|---|---|---|---|---|---|---|---|---|---|---|---|---|---|---|
| Universal Decimal Classification | Գրապահոց | Մայր Աթոռ Սուրբ Էջմիածին «Վաչե և Թամար Մանուկյան» Մատենադարան | Մայր Աթոռ Սուրբ Էջմիածին «Վաչե և Թամար Մանուկյան» Մատենադարան | 03/12/2021 | E-2601 | 947.925(K)/D-39 | E-2601 | 03/12/2021 | 03/12/2021 | Գրքեր/Books | Սպասարկվում է ընթերցասրահ | ||||||
| Universal Decimal Classification | Գրապահոց | Մայր Աթոռ Սուրբ Էջմիածին «Վաչե և Թամար Մանուկյան» Մատենադարան | Մայր Աթոռ Սուրբ Էջմիածին «Վաչե և Թամար Մանուկյան» Մատենադարան | 03/12/2021 | E-2600 | 947.925(K)/D-39 | E-2600 | 03/12/2021 | 03/12/2021 | Գրքեր/Books | Սպասարկվում է 30 օր | ||||||
| Universal Decimal Classification | Գրապահոց | Մայր Աթոռ Սուրբ Էջմիածին «Վաչե և Թամար Մանուկյան» Մատենադարան | Մայր Աթոռ Սուրբ Էջմիածին «Վաչե և Թամար Մանուկյան» Մատենադարան | 03/12/2021 | E-6916 | 947.925(K)/D-39 | E-6916 | 03/12/2021 | 03/12/2021 | Գրքեր/Books | Սպասարկվում է 30 օր | 500.00 |